000 00497nam a2200181Ia 4500
003 OSt
005 20200904114719.0
008 190216s9999||||xx |||||||||||||| ||und||
020 _a8187134186
040 _coclc
082 _a531
_bBIS/C
100 _aBiswas, S N
_94436
245 0 _aClassical Mechanics /
_cS N Biswas
260 _bBooks and Allied Publications,
_c1999.
_aCulcutta:
300 _a286p
650 _aPhysics
942 _cBK
_2ddc
_h531
_iBIS/C
_k531
_mBIS/C
999 _c33715
_d33715